000 00479nam a2200157 a 4500
001 57937
005 20180714054337.0
008 140415s1979 mx 000 0 spa d
041 _aspa
082 _a759.97246
_bART
100 1 _aARTIGAS H., JUAN B.
245 1 3 _aLA PIEL DE LA ARQUITECTURA :
_bMURALES DE SANTA MARIA XOXOTECO
260 _aMEXICO :
_bUNAM,
_c1979
300 _a110
650 1 4 _aPINTURA MURAL
_x(MARIA XOXOTECO
_xHIDALGO)
_xPINTURA MURAL
_xMEXICO
999 _c57937
_d57937